000 00272nam a22001337a 4500
008 170914b xxu||||| |||| 00| 0 eng d
020 _a087121804
041 _aeng
080 _a7
100 _a44
101 _aART
245 _aCRAFTS
_cSPRINTZEN, A
942 _2udc
_cBK
999 _c27592
_d27592